Clasificación de la información pública : (Registro nro. 106820)
[ vista simple ]
| 000 -LEADER | |
|---|---|
| fixed length control field | 00943nam a22002177a 4500 |
| 005 - DATE AND TIME OF LATEST TRANSACTION | |
| control field | 20151103121000.0 |
| 008 - FIXED-LENGTH DATA ELEMENTS--GENERAL INFORMATION | |
| fixed length control field | 151103b nq ||||| |||| 00| 0 spa d |
| 050 04 - LIBRARY OF CONGRESS CALL NUMBER | |
| Classification number | KGG3015.A9 |
| Item number | C53 2006 |
| 100 1# - MAIN ENTRY--PERSONAL NAME | |
| Personal name | Serrano, María Adilia |
| 245 10 - TITLE STATEMENT | |
| Title | Clasificación de la información pública : |
| Remainder of title | Análisis comparado de las leyes de acceso a la información pública / |
| Statement of responsibility, etc | María Adilia Serrano |
| 250 ## - EDITION STATEMENT | |
| Edition statement | 1a ed. |
| 260 ## - PUBLICATION, DISTRIBUTION, ETC. (IMPRINT) | |
| Place of publication, distribution, etc | Nicaragua : |
| Name of publisher, distributor, etc | Fundación Violeta B-Chamorro, |
| Date of publication, distribution, etc | 2006 |
| 300 ## - PHYSICAL DESCRIPTION | |
| Extent | 90 p. : |
| Other physical details | il. ; |
| Dimensions | 19 cm. |
| 500 ## - GENERAL NOTE | |
| General note | Proyecto : Estrategia para la promoción de la implementación de un sistema de acceso a la información pública. |
| 504 ## - BIBLIOGRAPHY, ETC. NOTE | |
| Bibliography, etc | Incluye bibliografía e índice |
| 650 #7 - SUBJECT ADDED ENTRY--TOPICAL TERM | |
| Source of heading or term | LEMB |
| Topical term or geographic name as entry element | Libertad de prensa |
| Geographic subdivision | Nicaragua |
| 650 #7 - SUBJECT ADDED ENTRY--TOPICAL TERM | |
| Source of heading or term | LEMB |
| Topical term or geographic name as entry element | Libertad de información |
| Geographic subdivision | Nicaragua |
| 650 #4 - SUBJECT ADDED ENTRY--TOPICAL TERM | |
| Topical term or geographic name as entry element | Acceso a la información pública |
| General subdivision | Leyes y legislación |
| Geographic subdivision | Nicaragua |
| 710 2# - ADDED ENTRY--CORPORATE NAME | |
| Corporate name or jurisdiction name as entry element | Fundación Violeta B-Chamorro |
| 942 ## - ADDED ENTRY ELEMENTS (KOHA) | |
| Source of classification or shelving scheme | Biblioteca del Cogreso de los Estados Unidos |
| Koha item type | Libro |
| Estado de pérdida | Fuente de clasificación | Estado del daño | No para préstamo | Ubicación permanente | Ubicación actual | Apartado o colección | Fecha de adquisición | Edición | Dependencia de educación superior (DES) | Área del conocimiento | Clasificación | Código de Barras | Date last seen | Número de copia | Tipo de recurso |
|---|---|---|---|---|---|---|---|---|---|---|---|---|---|---|---|
| Biblioteca del Cogreso de los Estados Unidos | Biblioteca del Posgrado en Derecho | Biblioteca del Posgrado en Derecho | Colección Ernesto Villanueva | 03/11/2015 | 1a ed. | Derecho | Ciencias Sociales y Administrativas | KGG3015.A9 C53 2006 | BPD000002828 | 03/11/2015 | 1 | Libro |